LEADER 03303nam 2200589 a 450 001 9910463946903321 005 20200520144314.0 010 $a1-283-14422-0 010 $a9786613144225 010 $a981-4295-02-7 035 $a(CKB)3360000000001348 035 $a(EBL)731084 035 $a(OCoLC)740446112 035 $a(SSID)ssj0000522277 035 $a(PQKBManifestationID)12200014 035 $a(PQKBTitleCode)TC0000522277 035 $a(PQKBWorkID)10528813 035 $a(PQKB)10666520 035 $a(MiAaPQ)EBC731084 035 $a(WSP)00007615 035 $a(Au-PeEL)EBL731084 035 $a(CaPaEBR)ebr10480266 035 $a(CaONFJC)MIL314422 035 $a(EXLCZ)993360000000001348 100 $a20100319d2010 uy 0 101 0 $aeng 135 $aur|n|---||||| 181 $ctxt 182 $cc 183 $acr 200 10$aEmergencies in neuro-ophthalmology$b[electronic resource] $ea case based approach /$fAndrew G. Lee ... [et al.] 210 $aSingapore ;$aHackensack, N.J. $cWorld Scientific$d2010 215 $a1 online resource (200 p.) 300 $aDescription based upon print version of record. 311 $a981-4295-01-9 320 $aIncludes bibliographical references and index. 327 $aAcute painful ptosis, complete ophthalmoplegia with a red eye -- Chronic painless ptosis, complete ophthalmoplegia with a red eye -- Acute painless homonymous hemianopsia -- Acute painful homonymous hemianopsia -- Acute bilateral optic disc edema -- Subacute bilateral optic disc edema -- Acute homonymous hemianopsia in febrile patient -- Acute painless isolated sixth nerve palsy -- Acute progressive bilateral ophthalmoplegia with mental status change -- Acute unilateral optic neuropathy -- Acute pupil spared third nerve palsy -- Acute pupil involved third nerve palsy -- Acute proptosis with red eyes -- Acute visual loss in a leukemia patient -- Acute ophthalmoplegia after vomiting -- Acute anisocoria -- Optic disc edema with a macular star figure -- Acute transient monocular visual loss -- Jaw pain and headache in an elderly woman -- Acute bitemporal hemianopsia -- Acute anisocoria with neck pain -- Acute painful ophthalmoplegia. 330 $aThe management of emergent neuro-ophthalmic conditions can be a life-saving encounter for the general ophthalmologist. This book covers life-threatening scenarios that a general ophthalmologist might encounter, and is designed to help the ophthalmologist make emergency triage decisions for initial evaluation and treatment of potentially vision- or life-threatening conditions. This book is case based, and provides the reader with the invaluable expert views of two neuro-ophthalmologists. One, Dr Lee is an ophthalmology-based neuro-ophthalmologist and the other, Dr Brazis is a neurology-based ne 606 $aNeuroophthalmology$vCase studies 606 $aOphthalmologic emergencies$vCase studies 608 $aElectronic books. 615 0$aNeuroophthalmology 615 0$aOphthalmologic emergencies 676 $a617.7/32 700 $aLee$b Andrew G$0870715 801 0$bMiAaPQ 801 1$bMiAaPQ 801 2$bMiAaPQ 906 $aBOOK 912 $a9910463946903321 996 $aEmergencies in neuro-ophthalmology$91943997 997 $aUNINA LEADER 01311nam a2200289 i 4500 001 991001341119707536 005 20020507124617.0 008 001028s|||| it ||| | ita 020 $a8884220009 035 $ab1020717x-39ule_inst 035 $aLE02984151$9ExL 040 $aISUFI - Sett. Diritti e Politiche Euromediterranee$bita 082 0 $a333 100 1 $aMarzovilla, Olga$0280731 245 10$aAspetti economici interni ed internazionali della tutela ambientale :$bstrumenti, commercio internazionale, fiscalità /$cOlga Marzovilla, Gaetana Trupiano, Marianicola Villani 260 $aBari :$bCacucci,$cc 2000 300 $a197 p. ;$c22 cm 490 0 $aUniversità degli studi di Padova, Dipartimento di studi internazionali 650 4$aAmbiente 700 1 $aTrupiano, Gaetana$eauthor$4http://id.loc.gov/vocabulary/relators/aut$0115087 700 1 $aVillani, Marianicola$eauthor$4http://id.loc.gov/vocabulary/relators/aut$0280732 907 $a.b1020717x$b17-02-17$c27-06-02 912 $a991001341119707536 945 $aLE029 333 MAR01.01$g1$iLE029-1592$lle029$o-$pE0.00$q-$rn$so $t0$u0$v0$w0$x0$y.i10255539$z27-06-02 996 $aAspetti economici interni ed internazionali della tutela ambientale$9672275 997 $aUNISALENTO 998 $ale029$b01-01-00$cm$da $e-$fita$git $h0$i1 LEADER 01053nam a2200265 i 4500 001 991000412169707536 005 20020503180306.0 008 971202s1988 it ita 035 $ab10073851-39ule_inst 035 $aLE02515529$9ExL 040 $aFac. Economia$bita 082 0 $a338.0945 100 1 $aSiniscalco, Domenico$0460411 245 10$aBeyond manufacturing :$bstructural change, service sector employment and foreign trade in the italian economy, 1960-1985 /$cDomenico Siniscalco 260 $aTorino :$bGiappichelli,$c1988 300 $a189 p. ;$c25 cm 650 4$aSettore terziario$zItalia$y1960-1985 651 4$aItalia$xCommercio estero$y1960-1985 651 4$aItalia$xIndustria$y1960-1985 907 $a.b10073851$b26-09-18$c27-06-02 912 $a991000412169707536 945 $aLE025 ECO 338 SIN01.01$g1$i2025000035867$lle025$nCatalogato 2018$o-$pE0.00$q-$rl$s- $t0$u0$v0$w0$x0$y.i1008339x$z27-06-02 996 $aBeyond manufacturing$9195176 997 $aUNISALENTO 998 $ale025$b01-01-97$cm$da $e-$fita$git $h0$i1